|
|
|
|
| LEADER |
01352nam a2200361Ia 4500 |
| 001 |
EBC1014788 |
| 003 |
MiAaPQ |
| 005 |
20200520144314.0 |
| 006 |
m o d | |
| 007 |
cr cn||||||||| |
| 008 |
080919s2008 si a sb 001 0 eng d |
| 010 |
|
|
|z 2008278177
|
| 020 |
|
|
|z 047082395X
|
| 020 |
|
|
|z 9780470823958
|
| 020 |
|
|
|z 9781118507834
|
| 035 |
|
|
|a (MiAaPQ)EBC1014788
|
| 035 |
|
|
|a (Au-PeEL)EBL1014788
|
| 035 |
|
|
|a (CaPaEBR)ebr10595359
|
| 035 |
|
|
|a (CaONFJC)MIL390549
|
| 035 |
|
|
|a (OCoLC)811491993
|
| 040 |
|
|
|a MiAaPQ
|c MiAaPQ
|d MiAaPQ
|
| 050 |
|
4 |
|a HF5415.13
|b .P685 2008
|
| 100 |
1 |
|
|a Powell, Guy R.
|
| 245 |
1 |
0 |
|a Marketing calculator
|h [electronic resource] :
|b measuring and managing return on marketing investment /
|c Guy R. Powell.
|
| 260 |
|
|
|a Singapore ;
|a Hoboken, NJ :
|b John Wiley & Sons (Asia),
|c 2008.
|
| 300 |
|
|
|a xiv, 288 p. :
|b ill.
|
| 504 |
|
|
|a Includes bibliographical references (p. [277]-281) and index.
|
| 533 |
|
|
|a Electronic reproduction. Ann Arbor, MI : ProQuest, 2016. Available via World Wide Web. Access may be limited to ProQuest affiliated libraries.
|
| 650 |
|
0 |
|a Marketing
|x Management.
|
| 650 |
|
0 |
|a Marketing
|x Cost effectiveness.
|
| 655 |
|
4 |
|a Electronic books.
|
| 710 |
2 |
|
|a ProQuest (Firm)
|
| 856 |
4 |
0 |
|u https://ebookcentral.proquest.com/lib/matrademy/detail.action?docID=1014788
|z Click to View
|